00784nam a22002057a 4500003000900000005001700009007000300026008004100029020001900070040002500089082002800114245009000142260003300232300002700265500007000292505009300362650004900455700004100504710003300545DO-SdBNP20250211105136.0ta210914e2021 dr a|||gr|||| 001 0 spa d a9789945096804. aDO-SdBNPbspacBNPHU 4a610.97293 bT758h 22200aTrabajos sobre la historia de la medicina dominicana / ceditor Herbert Stern Díaz. aSanto Domingo :bUSD, c2021 a624 p. : bil.;c26 cm aIncluye datos biográficos del autor en la solapa de la cubierta aPrograma de historia de la medicina, Sexto curso/rDoctor Eriberto Pieter, Catedrático 4aMedicina zRepública DominicanaxHistoria 1 aStern Díaz, Herbert S.d1958-eed.2 aUniversidad de Santo Domingo